'V' Vocabulary (Hard) Quiz Stats

Quiz Updated Dec 3, 2016

Challenge
Share
Tweet
Embed
Score 0/25 Timer 09:00
1 Play Today
% Correct
vocational
89.2%
vantage
87%
vogue
86.7%
vanguard
85.7%
vamoose
85.5%
vernacular
84.7%
vermilion
84%
vulcanize
83.8%
velouté
82.9%
viscous
79.9%
vassal
76.7%
vernal
76.3%
vehement
75.7%
% Correct
vexatious
75.4%
vile
75%
vapid
73.9%
ventral
72%
vociferate
71.5%
vouchsafe
70.7%
vitriolic
68.9%
vilify
67.2%
verisimilitude
59%
vitrify
57.7%
vaniloquence
56.3%
vicissitude
53%

You're not logged in!

Compare scores with friends on all Sporcle quizzes.
Join for Free
OR
Log In

You Might Also Like...

Show Comments

Extras

Top Quizzes Today


Score Distribution

Your Account Isn't Verified!

In order to create a playlist on Sporcle, you need to verify the email address you used during registration. Go to your Sporcle Settings to finish the process.

Report this User

Report this user for behavior that violates our Community Guidelines.

Details: